The wisdom of Proverbs, Job, and Ecclesiastes : (Record no. 1650)
[ view plain ]
| 000 -LEADER | |
|---|---|
| fixed length control field | 01049pam a2200277 a 4500 |
| 001 - CONTROL NUMBER | |
| control field | 12133376 |
| 003 - CONTROL NUMBER IDENTIFIER | |
| control field | OSt |
| 005 - DATE AND TIME OF LATEST TRANSACTION | |
| control field | 20180919124359.0 |
| 008 - FIXED-LENGTH DATA ELEMENTS--GENERAL INFORMATION | |
| fixed length control field | 850520s1985 ilu b 001 0 eng |
| 010 ## - LIBRARY OF CONGRESS CONTROL NUMBER | |
| LC control number | 85011826 |
| 020 ## - INTERNATIONAL STANDARD BOOK NUMBER | |
| International Standard Book Number | 0877844054 (pbk.) : |
| Terms of availability | $5.95 |
| 040 ## - CATALOGING SOURCE | |
| Transcribing agency | DCL |
| 050 0# - LIBRARY OF CONGRESS CALL NUMBER | |
| Classification number | BS 1455 |
| Item number | .K53 1985 |
| 082 ## - DEWEY DECIMAL CLASSIFICATION NUMBER | |
| Classification number | 223 |
| Item number | K46w |
| 100 1# - MAIN ENTRY--PERSONAL NAME | |
| Personal name | Kidner, Derek |
| 245 14 - TITLE STATEMENT | |
| Title | The wisdom of Proverbs, Job, and Ecclesiastes : |
| Remainder of title | an introduction to wisdom literature / |
| Statement of responsibility, etc. | Derek Kidner |
| 260 ## - PUBLICATION, DISTRIBUTION, ETC. | |
| Place of publication, distribution, etc. | Downers Grove, IL : |
| Name of publisher, distributor, etc. | InterVarsity Press, |
| Date of publication, distribution, etc. | c1985 |
| 300 ## - PHYSICAL DESCRIPTION | |
| Extent | 175 p. ; |
| Dimensions | 21 cm |
| 500 ## - GENERAL NOTE | |
| General note | Includes indexes |
| 504 ## - BIBLIOGRAPHY, ETC. NOTE | |
| Bibliography, etc. note | Bibliography: p. 158-162 |
| 630 00 - SUBJECT ADDED ENTRY--UNIFORM TITLE | |
| Uniform title | Bible. |
| Name of part/section of a work | Proverbs |
| General subdivision | Criticism, interpretation, etc. |
| -- | History |
| Chronological subdivision | 20th century |
| 630 00 - SUBJECT ADDED ENTRY--UNIFORM TITLE | |
| Uniform title | Bible. |
| Name of part/section of a work | Old Testament |
| -- | Job |
| General subdivision | Criticism, interpretation, etc. |
| -- | History |
| Chronological subdivision | 20th century |
| 630 00 - SUBJECT ADDED ENTRY--UNIFORM TITLE | |
| Uniform title | Bible. |
| Name of part/section of a work | Old Testament |
| -- | Ecclesiastes |
| General subdivision | Criticism, interpretation, etc. |
| -- | History |
| Chronological subdivision | 20th century |
| 650 #0 - SUBJECT ADDED ENTRY--TOPICAL TERM | |
| Topical term or geographic name entry element | Wisdom literature |
| General subdivision | Criticism, interpretation, etc. |
| -- | History |
| Chronological subdivision | 20th century |
| 942 ## - ADDED ENTRY ELEMENTS (KOHA) | |
| Source of classification or shelving scheme | Dewey Decimal Classification |
| Koha item type | Books |
| Withdrawn status | Lost status | Source of classification or shelving scheme | Damaged status | Not for loan | Collection code | Home library | Current library | Shelving location | Date acquired | Total Checkouts | Full call number | Barcode | Date last seen | Price effective from | Koha item type |
|---|---|---|---|---|---|---|---|---|---|---|---|---|---|---|---|
| Dewey Decimal Classification | Non-fiction | Harvest Mission College | Harvest Mission College | General Stacks | 19.09.2018 | 223 K46w | 001056 | 19.09.2018 | 19.09.2018 | Books |
